000 00558nam a2200193 4500
003 OSt
005 20240718064000.0
006 a
008 240718b |||||||| |||| 00| 0 eng d
020 _a8173015201
040 _aDWCL-Main lib.
_cOC
082 _aCirc. 006.7 M664d 2001
100 _aMinhas, Devinder Singh
245 _aDreamland’s operate comuters yourself for beginners part 12: Fireworks 4 /
260 _aNew Delhi:
_bDreamland Pub.,
_cc2001.
650 _a1. Websites-Design.
650 _a2. Websites.
942 _2ddc
_n0
_cBK-CIRC
_kCirc.
999 _c2375
_d2375